[Event "BL 0405 SF Katernberg - SFR Neukölln"]
[Site "?"]
[Date "2005.01.29"]
[Round "8.6"]
[White "Scholz, Christian"]
[Black "Thiede, Lars"]
[Result "1/2-1/2"]
[WhiteElo "2396"]
[BlackElo "2442"]
[PlyCount "47"]
[EventDate "2005.??.??"]

1. d4 g6 2. Nf3 Nf6 3. c4 Bg7 4. Nc3 O-O 5. e4 d6 6. Be2 Na6 7. O-O e5 8. Re1
c6 9. Bf1 exd4 10. Nxd4 Ng4 11. h3 Qb6 12. hxg4 Qxd4 13. g5 Qxd1 14. Rxd1 Nc5
15. f3 Be5 16. Be3 a5 17. Rac1 a4 18. Rc2 a3 19. b3 Na6 20. Na4 Nb4 21. Rf2 Bg3
22. Rfd2 Be6 23. Be2 Rfe8 24. Nc3 1/2-1/2

[Event "BL 0405 SF Katernberg - SFR Neukölln"]
[Site "?"]
[Date "2005.01.29"]
[Round "8.7"]
[White "Schwarz, Michael"]
[Black "Souleidis, Georgios"]
[Result "0-1"]
[WhiteElo "2408"]
[BlackElo "2401"]
[PlyCount "118"]
[EventDate "2005.??.??"]

1. Nf3 d5 2. c4 d4 3. e4 g6 4. d3 Bg7 5. Be2 e5 6. h4 h5 7. b4 a5 8. b5 c5 9.
bxc6 bxc6 10. Nbd2 Na6 11. Ba3 c5 12. Bc1 Ne7 13. g3 Bd7 14. Kf1 a4 15. Kg2 Qc7
16. Nb1 Nc8 17. Na3 Nd6 18. Bd2 Rb8 19. Ng5 f6 20. Nh3 Bc6 21. Re1 O-O 22. f3
Nb4 23. Nc2 Rb7 24. Nf2 Nf7 25. Nxb4 cxb4 26. g4 hxg4 27. fxg4 b3 28. axb3 axb3
29. Rb1 Rfb8 30. Bf3 b2 31. Rh1 Qd7 32. Qe2 Ba4 33. Be1 Nd8 34. Nd1 Ne6 35. Bg3
Bxd1 36. Qxd1 Qd6 37. h5 g5 38. Qd2 Bf8 39. Bd1 Nc5 40. Rf1 Be7 41. Bc2 Qe6 42.
Kh3 Ra8 43. Qe2 Bd8 44. Be1 Ba5 45. Bxa5 Rxa5 46. Kh2 Ra6 47. Rfd1 Qd7 48. Qf3
Kg7 49. Kg3 Qe6 50. Kf2 Ra3 51. Kg2 Kf7 52. Rh1 Rc3 53. Qe2 Qc8 54. Kh2 Ne6 55.
Rhg1 Nf4 56. Qd2 Qc5 57. Rg3 Qa3 58. Rd1 b1=Q 59. Rxb1 Rb2 0-1

[Event "BL 0405 SF Katernberg - SFR Neukölln"]
[Site "?"]
[Date "2005.01.29"]
[Round "8.8"]
[White "Siebrecht, Sebastian"]
[Black "Rudolf, Henrik"]
[Result "1-0"]
[WhiteElo "2366"]
[BlackElo "2322"]
[PlyCount "53"]
[EventDate "2005.??.??"]

1. d4 Nf6 2. Nf3 g6 3. c4 Bg7 4. Nc3 O-O 5. e4 d6 6. h3 e5 7. d5 a5 8. Bg5 Na6
9. Bd3 Qe8 10. g4 Nd7 11. Rg1 Kh8 12. Qd2 Ndc5 13. Be2 c6 14. O-O-O cxd5 15.
Qxd5 Bd7 16. Qxd6 Bc6 17. Be7 Rg8 18. Nxe5 Nxe4 19. Nxe4 Bxe4 20. f3 Nb4 21.
fxe4 Ra6 22. Qc7 Nxa2+ 23. Kb1 Re6 24. Bd6 Bxe5 25. Bxe5+ Rxe5 26. Rd7 Rf8 27.
Rgd1 1-0

[Event "BL 0405 SV Hofheim - SV Wattenscheid"]
[Site "?"]
[Date "2005.01.29"]
[Round "8.1"]
[White "Rustemov, Alexander"]
[Black "Savchenko, Stanislav"]
[Result "1/2-1/2"]
[WhiteElo "2602"]
[BlackElo "2497"]
[PlyCount "25"]
[EventDate "2005.??.??"]

1. d4 d5 2. c4 c6 3. Nc3 Nf6 4. cxd5 cxd5 5. Bf4 Nc6 6. e3 Bf5 7. Rc1 Rc8 8.
Nf3 e6 9. Qb3 Bb4 10. Bb5 Bxc3+ 11. bxc3 O-O 12. Bxc6 Rxc6 13. Qxb7 1/2-1/2

[Event "BL 0405 SV Hofheim - SV Wattenscheid"]
[Site "?"]
[Date "2005.01.29"]
[Round "8.3"]
[White "Handke, Florian"]
[Black "Ginsburg, Gennadi"]
[Result "1-0"]
[WhiteElo "2467"]
[BlackElo "2481"]
[PlyCount "69"]
[EventDate "2005.??.??"]

1. d4 d5 2. c4 e6 3. Nc3 Be7 4. cxd5 exd5 5. Bf4 c6 6. e3 Bf5 7. g4 Be6 8. Bd3
Nd7 9. h3 g5 10. Bg3 Nb6 11. Nf3 h6 12. Ne5 Nf6 13. Qe2 Bd6 14. Qf3 Bb4 15. h4
Ne4 16. hxg5 Nxg3 17. Qxg3 Qxg5 18. Rc1 Na4 19. f4 Qf6 20. a3 Nxc3 21. bxc3
Bxa3 22. Rb1 Bc8 23. Kd2 Bd6 24. Rh5 Rg8 25. Rbh1 Bf8 26. g5 Qd6 27. Bh7 Rg7
28. Rxh6 Qa3 29. Bc2 Qa2 30. Rf6 a5 31. Rh8 Be6 32. f5 Bc8 33. Ng6 Bxf5 34.
Rxf8+ Kd7 35. Qd6# 1-0

[Event "BL 0405 SV Hofheim - SV Wattenscheid"]
[Site "?"]
[Date "2005.01.29"]
[Round "8.4"]
[White "Krivoshey, Sergei"]
[Black "Appel, Ralf"]
[Result "1-0"]
[WhiteElo "2499"]
[BlackElo "2507"]
[PlyCount "117"]
[EventDate "2005.??.??"]

1. Nf3 d5 2. d4 Nf6 3. c4 c6 4. Qb3 dxc4 5. Qxc4 Bf5 6. g3 e6 7. Bg2 Be7 8. O-O
O-O 9. Nc3 Nbd7 10. Re1 Ne4 11. Qb3 Qb6 12. Nh4 Ndf6 13. Nxf5 exf5 14. f3 Nd6
15. e4 fxe4 16. Qxb6 axb6 17. fxe4 Nc4 18. e5 Ne8 19. d5 Bc5+ 20. Kh1 Nc7 21.
dxc6 bxc6 22. Bxc6 Rad8 23. Bg5 Rd3 24. Be4 Rd4 25. Be3 Nxe3 26. Rxe3 Rd2 27.
Re2 Rxe2 28. Nxe2 Re8 29. Rd1 g6 30. Bf3 Rxe5 31. Nf4 Nb5 32. Kg2 Re7 33. a4
Nd6 34. Nd5 Re5 35. Nxb6 Re3 36. Nd7 Bb4 37. Nf6+ Kg7 38. Nd5 Rb3 39. Nxb4 Nc4
40. Nd5 Rxb2+ 41. Kg1 Ra2 42. Nc3 Ra3 43. Rc1 Nb2 44. Be2 Nxa4 45. Nd5 Ra2 46.
Kf2 Rd2 47. Ne3 Nb6 48. Rc7 Rd6 49. Bf3 Rd2+ 50. Be2 Rd6 51. g4 Rd4 52. Bf3 Nd7
53. Nc4 Nf8 54. Ne5 Rf4 55. Kg3 Ne6 56. Ra7 g5 57. Bd5 Kf6 58. Nxf7 h5 59. Bxe6
1-0

[Event "BL 0405 SV Hofheim - SV Wattenscheid"]
[Site "?"]
[Date "2005.01.29"]
[Round "8.5"]
[White "Holzke, Frank Dr"]
[Black "Zude, Arno"]
[Result "0-1"]
[WhiteElo "2492"]
[BlackElo "2398"]
[PlyCount "112"]
[EventDate "2005.??.??"]

1. e4 e5 2. Nf3 Nc6 3. Bb5 a6 4. Ba4 d6 5. c3 Bd7 6. d4 Nge7 7. Be3 Ng6 8. h4
Be7 9. h5 Nh4 10. Nxh4 Bxh4 11. d5 Nb8 12. Bxd7+ Nxd7 13. Qg4 Bf6 14. h6 g6 15.
g3 O-O 16. f4 exf4 17. gxf4 Qe7 18. Nd2 Bh8 19. O-O-O Rae8 20. Bd4 Bxd4 21.
cxd4 f5 22. exf5 Rxf5 23. Rhe1 Qf7 24. Rxe8+ Qxe8 25. Qg3 Qf8 26. Ne4 Rxf4 27.
Ng5 Rf5 28. Ne6 Qxh6+ 29. Kb1 Qh5 30. Qe1 Rf2 31. Rc1 Re2 32. Qd1 Nb6 33. Qf1
Qf5+ 34. Qxf5 gxf5 35. Nxc7 Kf7 36. Rh1 Kg6 37. Rg1+ Kf6 38. Rh1 Re7 39. Rh6+
Kg5 40. Rxd6 Rxc7 41. Rxb6 h5 42. Re6 Rc4 43. Re8 Rxd4 44. Rg8+ Kf4 45. Rd8 h4
46. Rh8 Kg3 47. Rg8+ Kf3 48. Rh8 Kg2 49. d6 h3 50. Rg8+ Kh1 51. Rg6 h2 52. Kc2
f4 53. Rf6 f3 54. Kc3 Rd1 55. Kc2 Rd5 56. Rxf3 Kg2 0-1

[Event "BL 0405 SV Hofheim - SV Wattenscheid"]
[Site "?"]
[Date "2005.01.29"]
[Round "8.6"]
[White "Pirrot, Dieter"]
[Black "Dinstuhl, Volkmar Dr"]
[Result "1/2-1/2"]
[WhiteElo "2398"]
[BlackElo "2420"]
[PlyCount "102"]
[EventDate "2005.??.??"]

1. e4 c5 2. c3 Nf6 3. e5 Nd5 4. d4 cxd4 5. Qxd4 e6 6. Nf3 Nc6 7. Qe4 f5 8. exf6
Nxf6 9. Qh4 d5 10. Bd3 Bd6 11. Bg5 Kf7 12. Nbd2 h6 13. Bxf6 Qxf6 14. Qxf6+ gxf6
15. O-O-O Bd7 16. Kb1 Rad8 17. Nh4 Ne5 18. Be2 h5 19. h3 Bc6 20. Ndf3 Nxf3 21.
Bxf3 Bc5 22. Rd2 Bb6 23. g3 d4 24. Rhd1 Bxf3 25. Nxf3 dxc3 26. Rd7+ Kg6 27.
bxc3 Rxd7 28. Rxd7 Bxf2 29. Nh4+ Kh6 30. Rf7 Bxg3 31. Nf3 Kg6 32. Rxb7 Bf2 33.
Kc2 Rd8 34. Rb1 Rd7 35. Rf1 Bc5 36. Kb3 Bb6 37. Kb4 e5 38. c4 e4 39. Nh4+ Kg5
40. Nf5 Rc7 41. Ng3 Re7 42. c5 h4 43. Ne2 Bc7 44. Nd4 e3 45. Kc4 Bg3 46. Kd3
Kg6 47. c6 Bc7 48. Rf3 Be5 49. Rxe3 Rc7 50. Re4 Bxd4 51. Rxd4 Rxc6 1/2-1/2

[Event "BL 0405 SV Hofheim - SV Wattenscheid"]
[Site "?"]
[Date "2005.01.29"]
[Round "8.7"]
[White "Ellers, Holger"]
[Black "Brendel, Oliver"]
[Result "1-0"]
[WhiteElo "2407"]
[BlackElo "2340"]
[PlyCount "141"]
[EventDate "2005.??.??"]

1. d4 Nf6 2. c4 g6 3. Nf3 Bg7 4. g3 d5 5. Bg2 O-O 6. O-O dxc4 7. Na3 c3 8. bxc3
c5 9. e3 Nc6 10. Bb2 Bf5 11. Qe2 e5 12. Qb5 a6 13. Qxc5 Bd3 14. Nxe5 Nxe5 15.
Qxe5 Ne4 16. Qf4 Bxf1 17. Rxf1 Qb6 18. Bxe4 Qxb2 19. Nc4 Qxc3 20. Nd6 Qa5 21.
Qf3 Qxa2 22. Bxb7 Rad8 23. Bd5 Qa5 24. Bxf7+ Kh8 25. Nb7 Qc3 26. Nxd8 Rxd8 27.
Qb7 a5 28. Qe7 Rf8 29. h4 a4 30. Bd5 a3 31. Qe6 Qb2 32. Kg2 Rd8 33. h5 gxh5 34.
Ba2 Rf8 35. Bb1 Qb7+ 36. Be4 Qb2 37. Bd5 h4 38. gxh4 Qe2 39. Bc4 Qf3+ 40. Kg1
Rb8 41. Kh2 Rf8 42. Qd5 Qg4 43. Qg5 Qe4 44. Qg3 Qc2 45. Be6 Qe2 46. Rg1 Rxf2+
47. Rg2 Rxg2+ 48. Qxg2 Qxg2+ 49. Kxg2 Bf6 50. h5 Kg7 51. Kf3 h6 52. Ba2 Kf8 53.
Kg4 Ke7 54. Kf5 Bg5 55. e4 Bd2 56. e5 Kd7 57. d5 Bg5 58. Bb3 Be3 59. d6 Bg5 60.
Bd5 Bh4 61. Kg6 Bg5 62. Bb3 Bf4 63. Kf5 Bg5 64. Kg6 Bf4 65. Kf6 Bg5+ 66. Kf7
Bd8 67. Ba4+ Kc8 68. Bb3 Kd7 69. Be6+ Kc6 70. Ke8 Bg5 71. Ba2 1-0

[Event "BL 0405 SV Hofheim - SV Wattenscheid"]
[Site "?"]
[Date "2005.01.29"]
[Round "8.8"]
[White "Haubt, Georg"]
[Black "Straeter, Timo"]
[Result "0-1"]
[WhiteElo "2267"]
[BlackElo "2348"]
[PlyCount "80"]
[EventDate "2005.??.??"]

1. d4 d5 2. Nc3 Nf6 3. Bg5 c5 4. Bxf6 gxf6 5. e3 Nc6 6. dxc5 e6 7. Qh5 f5 8.
O-O-O Bd7 9. Nf3 Bxc5 10. Ng5 Qf6 11. Nb5 O-O-O 12. c4 a6 13. Nc3 dxc4 14. Nge4
fxe4 15. Qxc5 Qe5 16. Qxe5 Nxe5 17. Nxe4 Ba4 18. Rd4 Bc6 19. Nd6+ Kc7 20. Nxc4
Rxd4 21. exd4 Nxc4 22. Bxc4 Bxg2 23. Rg1 Be4 24. Rg7 Kd6 25. Rg3 Rc8 26. Rc3
Bd5 27. Bd3 Rg8 28. Bxh7 Rg2 29. h4 Rh2 30. Rg3 Rxh4 31. Rg7 Rf4 32. a3 Rxf2
33. Rg4 f5 34. Rh4 f4 35. Bd3 f3 36. Rf4 Rh2 37. b4 Ra2 38. b5 a5 39. Bc2 Rxa3
40. Kd2 Ra1 0-1

[Event "BL 0405 SG Köln Porz - Solinger SG"]
[Site "?"]
[Date "2005.01.29"]
[Round "8.1"]
[White "Sandipan, Chanda"]
[Black "Lutz, Christopher"]
[Result "1/2-1/2"]
[WhiteElo "2543"]
[BlackElo "2596"]
[PlyCount "64"]
[EventDate "2005.??.??"]

1. e4 c5 2. Nf3 d6 3. d4 cxd4 4. Nxd4 Nf6 5. Nc3 a6 6. Be3 e6 7. f3 b5 8. g4 b4
9. Nce2 h6 10. Qd2 e5 11. Nf5 d5 12. O-O-O Be6 13. exd5 Qxd5 14. Bg2 Nbd7 15.
Qxd5 Bxd5 16. Rxd5 Nxd5 17. f4 Nxe3 18. Bxa8 Nxf5 19. gxf5 Bd6 20. Bc6 Ke7 21.
Ng3 Nc5 22. f6+ Kxf6 23. Rd1 Be7 24. fxe5+ Ke6 25. Nh5 Bg5+ 26. Kb1 Rd8 27.
Nxg7+ Kxe5 28. Re1+ Kf6 29. Nh5+ Kg6 30. Ng3 Rd2 31. Ne4 Nxe4 32. Bxe4+ Kg7
1/2-1/2

[Event "BL 0405 SG Köln Porz - Solinger SG"]
[Site "?"]
[Date "2005.01.29"]
[Round "8.3"]
[White "Naumann, Alexander"]
[Black "Beliavsky, Alexander G"]
[Result "1/2-1/2"]
[WhiteElo "2538"]
[BlackElo "2660"]
[PlyCount "108"]
[EventDate "2005.??.??"]

1. d4 Nf6 2. c4 e6 3. g3 d5 4. Nf3 dxc4 5. Bg2 Bb4+ 6. Nbd2 b5 7. Ne5 Nd5 8.
O-O O-O 9. a4 c6 10. Qc2 Bb7 11. Ne4 f6 12. Nf3 Qe7 13. Nc3 Nxc3 14. bxc3 Bd6
15. Nd2 a6 16. Ne4 Re8 17. Nxd6 Qxd6 18. Be4 f5 19. Bg2 Nd7 20. Bf4 Qe7 21.
Rfe1 Nf6 22. Be5 Rf8 23. Qc1 Ng4 24. Bf4 c5 25. Bxb7 Qxb7 26. Bd6 Rfe8 27. dxc5
Nf6 28. f3 Qc6 29. axb5 axb5 30. Qe3 Kf7 31. Red1 Rxa1 32. Rxa1 Ra8 33. Rxa8
Qxa8 34. Be5 Nd7 35. Bd4 h6 36. Qf4 Qc6 37. h4 Kg8 38. Kf2 e5 39. Bxe5 Qxc5+
40. Bd4 Qd5 41. g4 fxg4 42. Qxg4 Qf7 43. e4 Nf8 44. f4 Ne6 45. Be3 h5 46. Qg3
Qe7 47. f5 Nc5 48. Bxc5 Qxc5+ 49. Kf3 Qe7 50. Qb8+ Kh7 51. Qxb5 Qxh4 52. Qxc4
Qh3+ 53. Kf2 Qh2+ 54. Kf1 Qh1+ 1/2-1/2

[Event "BL 0405 SG Köln Porz - Solinger SG"]
[Site "?"]
[Date "2005.01.29"]
[Round "8.4"]
[White "Graf, Alexander"]
[Black "Hoffmann, Michael"]
[Result "1-0"]
[WhiteElo "2646"]
[BlackElo "2468"]
[PlyCount "41"]
[EventDate "2005.??.??"]

1. d4 Nf6 2. c4 e6 3. Nc3 Bb4 4. e3 O-O 5. Nge2 d5 6. a3 Bd6 7. Ng3 c5 8. dxc5
Bxc5 9. b4 Be7 10. cxd5 Nxd5 11. Nxd5 exd5 12. Bd3 Bf6 13. Rb1 Nc6 14. O-O Be6
15. Nh5 Be5 16. b5 Na5 17. f4 Bc7 18. f5 Qd6 19. Qg4 Qxh2+ 20. Kf2 Be5 21. Bd2
1-0

[Event "BL 0405 SG Köln Porz - Solinger SG"]
[Site "?"]
[Date "2005.01.29"]
[Round "8.6"]
[White "Hansen, Curt"]
[Black "Drabke, Lorenz Maximilian"]
[Result "1-0"]
[WhiteElo "2633"]
[BlackElo "2433"]
[PlyCount "73"]
[EventDate "2005.??.??"]

1. c4 e5 2. Nc3 Nf6 3. Nf3 Nc6 4. g3 Bb4 5. Nd5 Bd6 6. Bg2 Nxd5 7. cxd5 Ne7 8.
e4 c5 9. b4 b6 10. Bb2 f6 11. O-O O-O 12. bxc5 bxc5 13. Qc2 Ba6 14. Rfe1 Nc8
15. Nh4 g6 16. Bh3 Nb6 17. a4 Rc8 18. Ng2 c4 19. a5 Na8 20. Qa4 Rf7 21. Ne3 Bc5
22. Rec1 Nc7 23. Nxc4 Nb5 24. Bf1 Nd4 25. Bxd4 Bxd4 26. Nd6 Bxa1 27. Nxc8 Bb2
28. Rc2 Bxc8 29. Rxb2 d6 30. Rb8 Rb7 31. Rxb7 Bxb7 32. d4 g5 33. dxe5 fxe5 34.
Bh3 Kf7 35. Qb5 Qc7 36. a6 Ba8 37. Qd7+ 1-0

[Event "BL 0405 SG Köln Porz - Solinger SG"]
[Site "?"]
[Date "2005.01.29"]
[Round "8.7"]
[White "Zysk, Robert"]
[Black "Van den Doel, Erik"]
[Result "1/2-1/2"]
[WhiteElo "2462"]
[BlackElo "2560"]
[PlyCount "115"]
[EventDate "2005.??.??"]

1. d4 Nf6 2. c4 e6 3. Nc3 Bb4 4. e3 O-O 5. Nge2 d5 6. a3 Bd6 7. c5 Be7 8. b4 b6
9. Ng3 c6 10. Bd3 bxc5 11. bxc5 e5 12. Nf5 Ne4 13. Nxe7+ Qxe7 14. Bxe4 dxe4 15.
Nxe4 Ba6 16. Bb2 Nd7 17. Nd6 Rab8 18. Qc2 Qe6 19. O-O-O Qa2 20. Bc3 Qe6 21. Bb4
Nf6 22. e4 Rfd8 23. f3 exd4 24. Rxd4 Ne8 25. Rhd1 Qh6+ 26. Qd2 Qxh2 27. Nf5
Rxd4 28. Qxd4 Bc8 29. Ne7+ Kf8 30. Nxc8 Rxc8 31. Rd2 Rb8 32. Kc2 Qc7 33. Qd7 h5
34. Qxc7 Nxc7 35. Rd6 Nb5 36. Rd3 Ke7 37. Ba5 Rb7 38. a4 Nc7 39. Bxc7 Rxc7 40.
Rd6 a5 41. Kc3 Rb7 42. Rxc6 Rb4 43. Rd6 Rxa4 44. Rd5 h4 45. c6 Ra1 46. Kb2 Ra4
47. c7 Rc4 48. Rxa5 Rxc7 49. Rh5 Rc6 50. Rxh4 Rg6 51. Rh2 Ke6 52. Kc3 f5 53.
Kd4 fxe4 54. Kxe4 Kf7 55. g4 Re6+ 56. Kf4 Rf6+ 57. Kg3 g5 58. Re2 1/2-1/2

[Event "BL 0405 SG Köln Porz - Solinger SG"]
[Site "?"]
[Date "2005.01.29"]
[Round "8.8"]
[White "Andersson, Ulf"]
[Black "Emms, John M"]
[Result "1-0"]
[WhiteElo "2580"]
[BlackElo "2504"]
[PlyCount "81"]
[EventDate "2005.??.??"]

1. Nf3 c5 2. c4 Nc6 3. d4 cxd4 4. Nxd4 Nf6 5. Nc3 e6 6. e3 Bc5 7. Be2 O-O 8.
O-O d5 9. cxd5 exd5 10. Nxc6 bxc6 11. b3 Bd6 12. Bb2 Re8 13. Rc1 Bf5 14. Bf3
Rc8 15. Ne2 Ne4 16. Ng3 Nxg3 17. hxg3 Be4 18. Qe2 Bxf3 19. gxf3 Be5 20. Bxe5
Rxe5 21. Rc5 Qd7 22. f4 Ree8 23. Rfc1 h6 24. Qa6 Qh3 25. Rxc6 Rcd8 26. Qf1 Qg4
27. Qd1 Qh3 28. Qf3 h5 29. R6c5 h4 30. Qg2 Qg4 31. gxh4 Qxh4 32. Rxd5 Rxd5 33.
Qxd5 Qg4+ 34. Kf1 g6 35. Rc7 Rf8 36. Rxa7 Qh3+ 37. Ke1 Qc8 38. a4 Qc2 39. Ra8
Qb1+ 40. Ke2 Qc2+ 41. Kf3 1-0

[Event "BL 0405 SG Köln Porz - SV Hofheim"]
[Site "?"]
[Date "2004.11.12"]
[Round "7.1"]
[White "Hickl, Joerg"]
[Black "Lutz, Christopher"]
[Result "1/2-1/2"]
[WhiteElo "2530"]
[BlackElo "2596"]
[PlyCount "31"]
[EventDate "2004.??.??"]

1. Nf3 Nf6 2. g3 d5 3. Bg2 e6 4. O-O Be7 5. c4 O-O 6. b3 c5 7. Bb2 Nc6 8. cxd5
Nxd5 9. Nc3 Bf6 10. Qc1 Nxc3 11. dxc3 Qc7 12. Rd1 Bd7 13. Nd2 Rfd8 14. Ne4 Be7
15. c4 Be8 16. Qe3 1/2-1/2

[Event "BL 0405 SG Köln Porz - SV Hofheim"]
[Site "?"]
[Date "2004.11.12"]
[Round "7.2"]
[White "Van Wely, Loek"]
[Black "Ginsburg, Gennadi"]
[Result "1/2-1/2"]
[WhiteElo "2681"]
[BlackElo "2481"]
[PlyCount "71"]
[EventDate "2004.??.??"]

1. d4 d5 2. c4 e6 3. Nc3 Be7 4. Nf3 Nf6 5. Bg5 h6 6. Bh4 O-O 7. e3 b6 8. Be2
Bb7 9. Bxf6 Bxf6 10. cxd5 exd5 11. b4 c6 12. O-O Qd6 13. Qb3 Nd7 14. Rfe1 a5
15. bxa5 Rxa5 16. a4 g6 17. e4 Bg7 18. exd5 c5 19. Bc4 cxd4 20. Nb5 Qf4 21. g3
Qg4 22. Nd6 Ba6 23. Bxa6 Rxa6 24. Kg2 Nc5 25. Qc4 Qd7 26. Nb5 Rfa8 27. Ne5 Bxe5
28. Rxe5 Rxa4 29. Rxa4 Rxa4 30. Qe2 f6 31. Re7 Qxd5+ 32. f3 Ra2 33. Re8+ Kg7
34. Re7+ Kg8 35. Re8+ Kg7 36. Re7+ 1/2-1/2

[Event "BL 0405 SG Köln Porz - SV Hofheim"]
[Site "?"]
[Date "2004.11.12"]
[Round "7.3"]
[White "Zude, Arno"]
[Black "Vaganian, Rafael A"]
[Result "0-1"]
[WhiteElo "2398"]
[BlackElo "2640"]
[PlyCount "92"]
[EventDate "2004.??.??"]

1. e4 e6 2. d4 d5 3. e5 c5 4. c3 Qb6 5. Nf3 Nc6 6. a3 c4 7. Nbd2 Na5 8. Rb1 Bd7
9. Be2 Ne7 10. O-O Qc7 11. Ng5 h6 12. Nh3 Nc8 13. Nf4 Nb6 14. Nf3 Ba4 15. Qd2
g6 16. h4 O-O-O 17. g3 Be7 18. Bd1 Nb3 19. Qe2 Rdg8 20. Be3 g5 21. Ng2 f5 22.
exf6 Bxf6 23. Bc2 Be8 24. hxg5 hxg5 25. Nh2 Bd8 26. Bc1 Qe7 27. Ne3 Rh3 28. Re1
Bg6 29. Nef1 Bxc2 30. Qxc2 Rgh8 31. Be3 Qf7 32. Re2 Nd7 33. Bd2 Rxh2 34. Nxh2
Rxh2 35. Bxg5 Qh5 36. Bh4 Rxh4 37. gxh4 Qg4+ 38. Kf1 Qxh4 39. Re3 Bg5 40. Rbe1
Qh1+ 41. Ke2 Qh5+ 42. Kf1 Bxe3 43. Rxe3 Nf6 44. Kg1 Ng4 45. Rxe6 Qh2+ 46. Kf1
Nc1 0-1

[Event "BL 0405 SG Köln Porz - SV Hofheim"]
[Site "?"]
[Date "2004.11.12"]
[Round "7.4"]
[White "Beliavsky, Alexander G"]
[Black "Houska, Jovanka"]
[Result "1/2-1/2"]
[WhiteElo "2660"]
[BlackElo "2298"]
[PlyCount "220"]
[EventDate "2004.??.??"]

1. d4 d5 2. c4 c6 3. Nf3 Nf6 4. Nc3 a6 5. a4 e6 6. Bg5 a5 7. e3 Na6 8. Be2 Be7
9. O-O O-O 10. Qb3 Nb4 11. Na2 Nxa2 12. Rxa2 Nd7 13. Bxe7 Qxe7 14. Raa1 b6 15.
cxd5 exd5 16. Rfc1 Bb7 17. Bf1 h6 18. g3 Qe6 19. Bg2 Rab8 20. Qc3 Rfc8 21. Ne1
Ba6 22. Rab1 Qf5 23. b4 axb4 24. Qxb4 c5 25. Qd2 Rd8 26. Rb2 cxd4 27. Qxd4 Rbc8
28. Rd1 Bc4 29. Rb4 Qh5 30. Bf3 Qg6 31. Bxd5 Be2 32. Bb7 Rb8 33. Rd2 Rxb7 34.
Rxe2 Rc7 35. Nf3 Rdc8 36. Kg2 Nc5 37. Ne5 Qe6 38. Reb2 f6 39. Nf3 Nd7 40. Qe4
Qf7 41. Rd4 Nc5 42. Qf5 Qe6 43. Qb1 Nd7 44. Rbd2 Qc6 45. Rd6 Qxa4 46. R2d4 Qa7
47. Qb3+ Kh8 48. Qe6 Nf8 49. Rd8 Rxd8 50. Rxd8 Rf7 51. Qd5 Kh7 52. e4 Ng6 53.
h4 Ne5 54. h5 Qb7 55. Nxe5 fxe5 56. Qxe5 Qc6 57. Qe8 Qxe8 58. Rxe8 Rb7 59. e5
b5 60. Rd8 b4 61. Rd2 b3 62. Rb2 g6 63. e6 gxh5 64. e7 Rxe7 65. Rxb3 Re2 66.
Rf3 {(=)} Kg6 67. Kh3 Re1 68. Ra3 Rh1+ 69. Kg2 Rb1 70. Ra6+ Kg7 71. f4 Rb2+ 72.
Kh3 Rb1 73. Re6 Rb2 74. Re1 Kg6 75. Rh1 Rc2 76. Rh2 Rc1 77. Ra2 Rg1 78. Ra6+
Kg7 79. Re6 Kh7 80. Kh2 Ra1 81. Kg2 Ra3 82. Kf2 Kg7 83. Re3 Ra4 84. Kf3 Kf6 85.
Rb3 Kg6 86. Rb6+ Kg7 87. f5 Rc4 88. Rg6+ Kh7 89. Re6 Kg7 90. Re4 Rc3+ 91. Kf4
Rc5 92. Re7+ Kf6 93. Re6+ Kg7 94. Rg6+ Kh7 95. Ke4 Ra5 96. Rd6 Kg7 97. Rd5 Ra3
98. Rd3 Ra5 99. Rd6 Ra3 100. Kf4 Ra5 101. Rb6 Rc5 102. Rg6+ Kh7 103. Ra6 Kg7
104. Ke4 Rb5 105. Rg6+ Kh7 106. Rd6 Kg7 107. Rd5 Rb3 108. Ke5 Re3+ 109. Kf4 Ra3
110. Rd7+ Kf6 1/2-1/2

[Event "BL 0405 SG Köln Porz - SV Hofheim"]
[Site "?"]
[Date "2004.11.12"]
[Round "7.5"]
[White "Zude, Erik Dr"]
[Black "Graf, Alexander"]
[Result "0-1"]
[WhiteElo "2385"]
[BlackElo "2646"]
[PlyCount "64"]
[EventDate "2004.??.??"]

1. d4 Nf6 2. c4 g6 3. Nc3 Bg7 4. e4 d6 5. Nf3 O-O 6. Be2 e5 7. O-O exd4 8. Nxd4
Re8 9. f3 c6 10. Kh1 a6 11. Nb3 b5 12. Bg5 h6 13. Bh4 Be6 14. f4 bxc4 15. Nd2
Nbd7 16. Nxc4 Bxc4 17. Bxc4 Qb8 18. Qc2 Qb4 19. Bd3 Rab8 20. Rab1 Nc5 21. Rfe1
Nh5 22. f5 gxf5 23. Bf2 Nf4 24. Bxc5 Qxc5 25. exf5 Rxe1+ 26. Rxe1 Rxb2 27. Qxb2
Nxd3 28. Qb8+ Bf8 29. Ne4 Qxf5 30. Ng3 Nf2+ 31. Kg1 Qc5 32. Kf1 Nd3 0-1

[Event "BL 0405 SG Köln Porz - SV Hofheim"]
[Site "?"]
[Date "2004.11.12"]
[Round "7.7"]
[White "Brendel, Oliver"]
[Black "Hansen, Curt"]
[Result "0-1"]
[WhiteElo "2340"]
[BlackElo "2633"]
[PlyCount "80"]
[EventDate "2004.??.??"]

1. e4 c5 2. Nf3 e6 3. d3 Nc6 4. g3 d5 5. Nbd2 Bd6 6. Bg2 Nge7 7. O-O O-O 8. Re1
a5 9. a4 b6 10. h4 Qc7 11. Qe2 f6 12. c3 Kh8 13. h5 Bd7 14. h6 g6 15. d4 cxd4
16. Nxd4 Nxd4 17. cxd4 Bb4 18. Rd1 Qc2 19. Bf3 Bxa4 20. b3 Bc6 21. exd5 Bxd5
22. Bxd5 Nxd5 23. Qf3 Qf5 24. Qxf5 gxf5 25. Nc4 Kg8 26. Ne3 Rfd8 27. Nxd5 Rxd5
28. Be3 b5 29. Rac1 Bd6 30. Rc6 Kf7 31. Rdc1 a4 32. bxa4 bxa4 33. Rb6 Ra7 34.
Rc8 f4 35. Bxf4 Bxf4 36. gxf4 a3 37. Rh8 Kg6 38. Rg8+ Kf5 39. Rg7 Ra4 40. Rb1
a2 0-1

[Event "BL 0405 SG Köln Porz - SV Hofheim"]
[Site "?"]
[Date "2004.11.12"]
[Round "7.8"]
[White "Van den Doel, Erik"]
[Black "Zunker, Reinhard Dr"]
[Result "1-0"]
[WhiteElo "2560"]
[BlackElo "2252"]
[PlyCount "137"]
[EventDate "2004.??.??"]

1. e4 e6 2. d4 d5 3. Nc3 Bb4 4. e5 c5 5. a3 Bxc3+ 6. bxc3 Ne7 7. Qg4 O-O 8. Bd3
f5 9. exf6 Rxf6 10. Bg5 Rf7 11. Qh5 g6 12. Qd1 Nd7 13. Nf3 c4 14. Be2 Qf8 15.
Qc1 Nf5 16. Ne5 Nxe5 17. dxe5 h6 18. Bf6 Rxf6 19. exf6 Qxf6 20. Qd2 Kh7 21. O-O
Bd7 22. Bg4 Nd6 23. Rfe1 h5 24. Bh3 b6 25. Re3 Re8 26. Rae1 Nf7 27. Rf3 Qg7 28.
Qf4 Re7 29. Qh4 Nh6 30. Qg5 Re8 31. Rfe3 Nf7 32. Qg3 Nd8 33. Qc7 g5 34. g3 g4
35. Bg2 Bc6 36. Qxg7+ Kxg7 37. Re5 Rh8 38. f4 gxf3 39. Bxf3 h4 40. gxh4 Rxh4
41. Rf1 Ba4 42. Rg5+ Kf6 43. Rg8 Ke7 44. Rf2 Be8 45. Kg2 Bf7 46. Rg7 Kf8 47.
Rg5 Ke7 48. Kg3 Rh6 49. h4 Nb7 50. Re5 Kf6 51. Rxd5 exd5 52. Bxd5+ Ke5 53. Bxb7
Bh5 54. Bc8 Ke4 55. Rf4+ Ke3 56. Rxc4 Rf6 57. Bg4 Bg6 58. Rc7 a5 59. h5 Bxc2
60. Kh4 Rf1 61. h6 Kd2 62. c4 Kc3 63. c5 b5 64. c6 b4 65. axb4 axb4 66. h7 Rf8
67. Rf7 Rh8 68. c7 b3 69. c8=Q+ 1-0

[Event "BL 0405 SC Baden Oos - SC Eppingen"]
[Site "?"]
[Date "2004.11.12"]
[Round "7.1"]
[White "Gyimesi, Zoltan"]
[Black "Svidler, Peter"]
[Result "0-1"]
[WhiteElo "2613"]
[BlackElo "2735"]
[PlyCount "96"]
[EventDate "2004.??.??"]

1. d4 g6 2. e4 Bg7 3. Nc3 c6 4. Bc4 d6 5. Qf3 e6 6. Nge2 Nd7 7. Bb3 Ngf6 8. Bg5
Qc7 9. O-O-O a6 10. h4 h6 11. Be3 c5 12. e5 dxe5 13. d5 c4 14. Ba4 exd5 15.
Nxd5 Nxd5 16. Qxd5 O-O 17. Bxd7 Rd8 18. Bc5 Bxd7 19. Be7 Re8 20. Qxd7 Rxe7 21.
Qxc7 Rxc7 22. h5 e4 23. Rd6 Be5 24. Rd5 Bf6 25. hxg6 Bg5+ 26. Kd1 fxg6 27. Nc3
Re8 28. Ke2 Re6 29. Rhd1 Bf6 30. Rd6 Rce7 31. Rd8+ Kg7 32. R1d7 Bxc3 33. bxc3
Kf6 34. Rxe7 Rxe7 35. Rc8 b5 36. Ke3 h5 37. a4 h4 38. Rf8+ Kg7 39. Ra8 Re6 40.
a5 g5 41. Rb8 g4 42. Rb6 Rf6 43. Rxf6 Kxf6 44. Kf4 e3 45. Kxe3 h3 46. gxh3 gxh3
47. Kf3 Kf5 48. Kg3 Ke4 0-1

[Event "BL 0405 SC Baden Oos - SC Eppingen"]
[Site "?"]
[Date "2004.11.12"]
[Round "7.2"]
[White "Shirov, Alexei"]
[Black "Acs, Peter"]
[Result "1-0"]
[WhiteElo "2726"]
[BlackElo "2521"]
[PlyCount "99"]
[EventDate "2004.??.??"]

1. e4 e5 2. Nf3 Nc6 3. Bb5 a6 4. Ba4 Nf6 5. O-O Be7 6. Re1 b5 7. Bb3 d6 8. c3
O-O 9. h3 Na5 10. Bc2 c5 11. d4 Nd7 12. dxc5 dxc5 13. Nbd2 c4 14. Nf1 Nb7 15.
a4 Na5 16. axb5 axb5 17. Ne3 Bb7 18. Nd5 Re8 19. Nxe7+ Qxe7 20. Nh4 g6 21. Qg4
Kh8 22. Bh6 f6 23. Re3 Nb3 24. Rd1 Nbc5 25. b4 Ne6 26. Re2 Ndf8 27. Red2 Ra3
28. Bxf8 Qxf8 29. Rd7 Re7 30. Rxb7 Rxb7 31. Qxe6 Rxc3 32. Rd2 Qe7 33. Qc8+ Kg7
34. Qg4 Kf7 35. f4 exf4 36. e5 Rxc2 37. Rxc2 fxe5 38. Nf3 h5 39. Qc8 e4 40.
Ng5+ Kf6 41. h4 e3 42. Ra2 Ra7 43. Rxa7 Qxa7 44. Qe6+ Kg7 45. Qe5+ Kg8 46. Kh2
Qd7 47. Qf6 e2 48. Qxg6+ Kf8 49. Qf6+ Kg8 50. Qe5 1-0